00753nam a22002177a 450000500170000001000150001702000260003202000260005803500140008403700090009808200110010710000230011824500600014125000060020126000570020727000890026430000260035350001120037994200250049199900190051620241129111626.0 aENG-142719 c655.00a9789357056359 c750.00a9789361597527 aEN-126251 bDBAD a50021 aSharma, Om 974324 aJEE Advanced Mathematics:bTrigonometry/cBy Om Sharma  a1 aUttar PradeshbPearson India Education Pvt Ltdc2025 bUttar Pradesha1st FLoor, Berger Tower, Plot No. C-001A/2, Sector-16B, Noidae201301 avpp.c28cm(pb)bIndex aIncludes 2000+ Problems with Solutions | Includes JEE 2013-2024 Questions and Chapter Wise Video strategics 2ddccENh500mSHAe1 c207194d207194